000 00685nam a2200205 a 4500
001 BRL_1268
005 20190320211123.0
008 091213s1943----mx-#######---#000-0#spa-#
041 _aspa
044 _amx
050 4 _aF1219.1.T3
_b.G37 1943
100 1 _aGarcía Payón, José
_d1896-1977
_923862
245 1 0 _aIntepretación cultural de la zona arqueológica de el Tajín
_bseguida de un ensayo de una bibliografía antropológica del Totonacapan y Región Sur del Estado de Veracruz
_cpor José García Payón.
260 _aMéxico
_bUNAM
_c1943
300 _a63 p.
_c23 cm.
500 _aAu1439
651 4 _aTajín Sitio (México)
_926330
902 _aGRL
942 _2lcc
_cB
999 _c10080
_d10080